01054nam a2200205 a 450000100100000000500170001000800410002702000150006804000250008304000250010811101320013324502660026526000270053130000280055870000260058670000420061271000720065495201050072699900170083100004170620230519124859.0131016s1987 sp 000 0 spa d a8400066839 aDO-SdBNPbspacBNPHU aDO-SdBNPbspacBNPHU2 aInternational Meeting Geochemistry of the Earth Surface and Processes of Mineral Formationc(Granadad1996 :16-22 marzo)968524 0aGeochemistry and mineral formation in the earth surface :bproceedings of the International Meeting Geochemistry of the Earth Surface and Processes of Mineral Formation held in Granada (Spain), 16-22 March 1986 /cedited by R. Rodríguez-Clemente and Y. Tardy. aMadrid :bCSIC,c1987. aXVI, 893 p. : ;c25 cm.1 aTardy, Y.eed.9685251 aRodríguez-Clemente, R.,eed.9685262 aConsejo Superior de Investigaciones Científicas (España)915178 001050718MOaGRbGRcCTd2013-10-16iLF1l0o p41706-10r2020-06-25w2020-06-25y1ZNo se presta c41195d41195